Statystyki dla Poczet I sekretarzy KC PZPR

Kliknij tutaj aby rozwiązać quiz!

Ogólne statystyki

  • Ten quiz został rozwiązany 73 razy
  • Średni wynik to 5 z 7

Statystyki odpowiedzi

Odpowiedź% Poprawnych
Wojciech Jaruzelski
99%
Edward Gierek
97%
Władysław Gomułka
94%
Bolesław Bierut
88%
Stanisław Kania
49%
Edward Ochab
41%
Mieczysław Rakowski
38%

Rozkład punktacji

Percentyl według liczby udzielonych odpowiedzi

Procent ludzi z każdym wynikiem

Twoja historia wyników

Nie rozwiązałeś tego quizu